[Event "Karpos Open 2013"]
[Site "Skopje MKD"]
[Date "2013.03.09"]
[Round "1.75"]
[White "Zawadzka, Jolanta"]
[Black "Karatrajkov, Nikola"]
[Result "1-0"]
[WhiteTitle "WGM"]
[WhiteElo "2374"]
[BlackElo "1777"]
[WhiteFideId "1122320"]
[BlackFideId "15002950"]
[EventDate "2013.03.09"]

1. e4 c5 2. Nf3 Nc6 3. d4 cxd4 4. Nxd4 g6 5. c4 Bg7 6. Be3 d6 7. Nc3 Nf6 8. Be2
O-O 9. O-O Re8 10. Rc1 Nxd4 11. Bxd4 Bh6 12. f4 e5 13. Be3 Qe7 14. Qd2 exf4 15.
Bxf4 Nxe4 16. Nxe4 Qxe4 17. Bxh6 1-0

[Event "Karpos Open 2013"]
[Site "Skopje MKD"]
[Date "2013.03.09"]
[Round "1.76"]
[White "Zhezhov, Emil"]
[Black "Erturan, Yakup"]
[Result "0-1"]
[BlackTitle "IM"]
[WhiteElo "1769"]
[BlackElo "2373"]
[WhiteFideId "15001318"]
[BlackFideId "6301410"]
[EventDate "2013.03.09"]

1. Nf3 c5 2. g3 Nc6 3. Bg2 g6 4. d3 Bg7 5. Nbd2 Nf6 6. O-O O-O 7. e4 d6 8. Re1
h6 9. c3 Be6 10. Kh1 Qd7 11. Ng1 d5 12. Qe2 Rad8 13. a3 dxe4 14. dxe4 Ne5 15.
Ngf3 Nd3 16. Rf1 h5 17. Nb1 Ng4 18. Be3 Bc4 19. Qc2 Ndxf2+ 20. Bxf2 Bxf1 21.
Bxf1 Qd1 22. Qxd1 Nxf2+ 23. Kg2 Nxd1 24. Nbd2 Nxb2 25. Rb1 Bxc3 26. Nc4 Nxc4 27.
Bxc4 b6 28. Ng5 Rd2+ 29. Kh3 Rf2 30. Rb3 Bd4 31. a4 Kg7 32. Bxf7 R8xf7 33. Nxf7
Kxf7 0-1

[Event "Karpos Open 2013"]
[Site "Skopje MKD"]
[Date "2013.03.09"]
[Round "1.77"]
[White "Kanmazalp, Ogulcan"]
[Black "Gaberov, Toshe"]
[Result "1-0"]
[WhiteTitle "IM"]
[WhiteElo "2372"]
[BlackElo "1741"]
[WhiteFideId "6304990"]
[BlackFideId "15002802"]
[EventDate "2013.03.09"]

1. e4 d5 2. exd5 Qxd5 3. Nc3 Qa5 4. d4 Nf6 5. Nf3 Bg4 6. h3 Bh5 7. g4 Bg6 8. Ne5
Nbd7 9. Nc4 Qa6 10. Bf4 Qe6+ 11. Ne3 Nb6 12. d5 Qd7 13. Bb5 c6 14. dxc6 bxc6 15.
Qxd7+ Kxd7 16. O-O-O+ 1-0

[Event "Karpos Open 2013"]
[Site "Skopje MKD"]
[Date "2013.03.09"]
[Round "1.78"]
[White "Antoniadou, Paraskevi"]
[Black "Ali Marandi, Cemil Can"]
[Result "0-1"]
[BlackTitle "FM"]
[WhiteElo "1732"]
[BlackElo "2371"]
[WhiteFideId "4220676"]
[BlackFideId "6300529"]
[EventDate "2013.03.09"]

1. e4 e6 2. d4 d5 3. Nd2 c5 4. exd5 exd5 5. Bb5+ Bd7 6. Qe2+ Be7 7. dxc5 Nf6 8.
Ngf3 O-O 9. O-O Bxc5 10. Bxd7 Qxd7 11. Nb3 Bb6 12. a4 Re8 13. Qb5 Qxb5 14. axb5
Nbd7 15. Na5 Ng4 16. c3 Nc5 17. Nd4 Ne6 18. Nf5 Nc7 19. Bf4 Nxb5 20. Nxb7 Re2
21. Ne3 Nxe3 22. Bxe3 Bxe3 23. fxe3 Rxb2 0-1

[Event "Karpos Open 2013"]
[Site "Skopje MKD"]
[Date "2013.03.09"]
[Round "1.79"]
[White "Dastan, Muhammed Batuhan"]
[Black "Tevdovski, Zoran"]
[Result "1-0"]
[WhiteTitle "FM"]
[WhiteElo "2371"]
[BlackElo "1720"]
[WhiteFideId "6300014"]
[BlackFideId "15003809"]
[EventDate "2013.03.09"]

1. Nf3 Nf6 2. g3 g6 3. b3 Bg7 4. Bb2 d6 5. d4 Nbd7 6. Bg2 O-O 7. O-O Rb8 8. Nbd2
Re8 9. e4 e5 10. dxe5 Nxe5 11. Nxe5 dxe5 12. Nc4 Qe7 13. Qe2 Nd7 14. a4 Nb6 15.
Ba3 Qe6 16. Ne3 Bf8 17. a5 Na8 18. Bxf8 Rxf8 19. f4 exf4 20. gxf4 f5 21. exf5
gxf5 22. Bd5 1-0

[Event "Karpos Open 2013"]
[Site "Skopje MKD"]
[Date "2013.03.09"]
[Round "1.80"]
[White "Nikolov, Kole"]
[Black "Tesik, Csaba"]
[Result "0-1"]
[BlackTitle "FM"]
[WhiteElo "1711"]
[BlackElo "2366"]
[WhiteFideId "15002764"]
[BlackFideId "735582"]
[EventDate "2013.03.09"]

1. e4 c5 2. Nf3 e6 3. Be2 Nc6 4. d3 g6 5. Nc3 Bg7 6. Bd2 Nge7 7. O-O O-O 8. Kh1
d5 9. Ne1 e5 10. f4 d4 11. Nb1 Be6 12. Nf3 h6 13. a4 exf4 14. Bxf4 f5 15. exf5
Nxf5 16. Bd2 g5 17. Na3 g4 18. Ng1 Qh4 19. Qe1 g3 20. Nf3 Qh5 21. h3 Qg6 22. Ng1
Rae8 23. Qd1 Nh4 24. Rxf8+ Rxf8 25. Bf3 Nxf3 26. Nxf3 Bd5 27. Nc4 Qh5 28. Ng1
Rf2 0-1

[Event "Karpos Open 2013"]
[Site "Skopje MKD"]
[Date "2013.03.09"]
[Round "1.81"]
[White "Vujic, Mihailo"]
[Black "Aksoy, Ayca"]
[Result "1-0"]
[WhiteTitle "FM"]
[WhiteElo "2361"]
[BlackElo "1707"]
[WhiteFideId "918873"]
[BlackFideId "6355978"]
[EventDate "2013.03.09"]

1. e4 c5 2. Nf3 e6 3. c3 Nf6 4. e5 Nd5 5. d4 cxd4 6. cxd4 d6 7. Nc3 Be7 8. Bd3
Bd7 9. Nxd5 exd5 10. Bf4 Be6 11. Qb3 dxe5 12. Qxb7 exf4 13. Qxa8 Qa5+ 14. Kf1
Qb6 15. a4 O-O 16. a5 Qxb2 17. Rb1 Qc3 18. Ke2 Bd6 19. Rhc1 Qa3 20. Ra1 Qb3 21.
Rab1 Qa3 22. Rd1 Qxa5 23. Ra1 Qc3 24. Rac1 Qa5 25. Qb7 Re8 26. Kf1 Nd7 27. Bxh7+
Kxh7 28. Ng5+ Kg8 29. Nxe6 Rxe6 30. Qxd7 Qa6+ 31. Kg1 f3 32. Qc8+ Qxc8 33. Rxc8+
Kh7 34. gxf3 a5 35. Ra1 Bb4 36. Rc7 Rf6 37. Rd7 Rf5 38. Kf1 Bc3 39. Rd1 Kg6 40.
Rd6+ Kg5 41. Ke2 g6 42. Rg1+ Kh6 43. Ke3 Bb4 44. Rb6 f6 45. Rc1 g5 46. Rc7 Kg6
47. Rbb7 Bf8 48. Rd7 1-0

[Event "Karpos Open 2013"]
[Site "Skopje MKD"]
[Date "2013.03.09"]
[Round "1.82"]
[White "Pecev, Aleksandar"]
[Black "Dinev, Dejan"]
[Result "0-1"]
[BlackTitle "FM"]
[WhiteElo "1682"]
[BlackElo "2357"]
[WhiteFideId "15003540"]
[BlackFideId "15000095"]
[EventDate "2013.03.09"]

1. e4 c5 2. Nf3 Nc6 3. c3 Qa5 4. Bc4 b5 5. Bd5 e6 6. Bxc6 dxc6 7. O-O Nf6 8. Re1
c4 9. e5 Nd5 10. d4 cxd3 11. Qxd3 c5 12. Bd2 Bb7 13. c4 Nb4 14. Bxb4 Qxb4 15.
cxb5 Bxf3 16. Nc3 Bh5 17. f3 Qd4+ 18. Qe3 Qxe3+ 19. Rxe3 Rd8 20. g4 Bg6 21. f4
c4 22. Rf3 Bc5+ 23. Kf1 h5 24. g5 Rd2 25. Na4 Bd4 26. Rc1 O-O 27. Rxc4 Be4 28.
Rb3 Rd8 29. Nc5 Bg2+ 30. Ke1 Bf2# 0-1

[Event "Karpos Open 2013"]
[Site "Skopje MKD"]
[Date "2013.03.09"]
[Round "1.83"]
[White "Schoorl, Rob"]
[Black "Steil, Raymond"]
[Result "1-0"]
[WhiteTitle "FM"]
[WhiteElo "2350"]
[BlackElo "1681"]
[WhiteFideId "1009508"]
[BlackFideId "4001281"]
[EventDate "2013.03.09"]

1. e4 d5 2. exd5 Qxd5 3. Nc3 Qa5 4. d4 Nf6 5. Nf3 c6 6. Bc4 Bf5 7. Bd2 e6 8. Qe2
Bb4 9. Ne5 Nbd7 10. Nxd7 Kxd7 11. a3 Rae8 12. O-O-O Bxc3 13. Bxc3 Qc7 14. f3 Kc8
15. g4 Bg6 16. Be1 Nd7 17. Bg3 Qa5 18. Rhe1 h5 19. d5 cxd5 20. Bxd5 e5 21. Bxb7+
Kxb7 22. Rxd7+ Ka8 23. gxh5 Bxc2 24. Qd2 Qxd2+ 25. Kxd2 Bb3 26. Rxe5 Rxe5 27.
Bxe5 Rxh5 28. Re7 g6 29. Kc3 Be6 30. Kd4 Rh4+ 31. Kc5 Rh5 32. Kc6 a5 33. Re8+ 1-0

[Event "Karpos Open 2013"]
[Site "Skopje MKD"]
[Date "2013.03.09"]
[Round "1.85"]
[White "Zozulia, Anna"]
[Black "Lakinska, Simona"]
[Result "1-0"]
[WhiteTitle "IM"]
[WhiteElo "2336"]
[BlackElo "1673"]
[WhiteFideId "14102110"]
[BlackFideId "15001695"]
[EventDate "2013.03.09"]

1. e4 e5 2. Nf3 Nc6 3. Nc3 Nf6 4. Bb5 d6 5. d4 exd4 6. Nxd4 Bd7 7. O-O Be7 8.
Re1 O-O 9. Bxc6 bxc6 10. Bg5 h6 11. Bh4 Rb8 12. Rb1 Re8 13. h3 Nh7 14. Bxe7 Rxe7
15. Qd3 Ng5 16. b3 g6 17. Rbd1 Ne6 18. Nxe6 Bxe6 19. Qe3 Kh7 20. Qxa7 Ra8 21.
Qe3 Qb8 22. Qd4 Ra5 23. a4 c5 24. Qf6 Rd7 25. Nd5 Bxd5 26. Rxd5 c6 27. Rd2 c4
28. Qc3 Re5 29. Qxc4 Qb6 30. Qd4 c5 31. Qxe5 dxe5 32. Rxd7 Kg7 33. Re3 Qe6 34.
Rd5 Qe7 35. g3 h5 36. Kg2 1-0

[Event "Karpos Open 2013"]
[Site "Skopje MKD"]
[Date "2013.03.09"]
[Round "1.86"]
[White "Uyanik, Mehmet"]
[Black "Videnova, Iva"]
[Result "0-1"]
[BlackTitle "WGM"]
[WhiteElo "1672"]
[BlackElo "2329"]
[WhiteFideId "6363164"]
[BlackFideId "2907763"]
[EventDate "2013.03.09"]

1. e4 c5 2. Nf3 d6 3. d4 cxd4 4. Nxd4 Nf6 5. Nc3 g6 6. Be3 Bg7 7. f3 Nc6 8. Qd2
O-O 9. O-O-O d5 10. exd5 Nxd5 11. Nxd5 Qxd5 12. Nb3 Qe5 13. c3 Bf5 14. Bf4 Nb4
15. Re1 Nxa2+ 16. Kd1 Qf6 17. Be5 Qb6 18. Nd4 Rfd8 19. Bc4 Qc5 20. Bxg7 Qxc4 21.
Bh6 Qa4+ 22. b3 Qa5 23. Rxe7 Nxc3+ 24. Ke1 Qc5 25. Re3 Nb1 26. Qe2 Qxd4 27. g4
Nc3 28. Qf2 Qd1# 0-1

[Event "Karpos Open 2013"]
[Site "Skopje MKD"]
[Date "2013.03.09"]
[Round "1.87"]
[White "Atakisi, Umut"]
[Black "Ipekci, Baris"]
[Result "1-0"]
[WhiteTitle "IM"]
[WhiteElo "2328"]
[BlackElo "1671"]
[WhiteFideId "6301037"]
[BlackFideId "6302823"]
[EventDate "2013.03.09"]

1. e4 d5 2. exd5 Qxd5 3. Nc3 Qa5 4. d4 Nf6 5. Nf3 Bf5 6. Bc4 e6 7. Bd2 c6 8. Nd5
Qd8 9. Nxf6+ gxf6 10. Qe2 Qc7 11. O-O-O Nd7 12. Nh4 Bg6 13. g3 O-O-O 14. Bf4 Bd6
15. Bxd6 Qxd6 16. Bb3 f5 17. Ng2 Nf6 18. Nf4 Nd5 19. Bxd5 cxd5 20. Rhe1 Rde8 21.
Rd3 Kd7 22. Rb3 Rb8 23. h4 h5 24. Rc3 a6 25. Re3 Rbe8 26. Re5 f6 27. Rxe6 Rxe6
28. Qxe6+ Qxe6 29. Rxe6 Bf7 30. Rxf6 Ke7 31. Rxf5 1-0

[Event "Karpos Open 2013"]
[Site "Skopje MKD"]
[Date "2013.03.09"]
[Round "1.88"]
[White "Peev, Kosta"]
[Black "Cabarkapa, Novak"]
[Result "0-1"]
[BlackTitle "FM"]
[WhiteElo "1648"]
[BlackElo "2321"]
[WhiteFideId "15001660"]
[BlackFideId "943746"]
[EventDate "2013.03.09"]

1. d4 Nf6 2. Nf3 g6 3. b3 Bg7 4. Bb2 O-O 5. Nbd2 d5 6. e3 Bf5 7. Bd3 Bxd3 8.
cxd3 a5 9. O-O a4 10. bxa4 Qd7 11. Qb3 b6 12. Rfc1 Rc8 13. Ne5 Qxa4 14. Qxa4
Rxa4 15. Nc6 Nxc6 16. Rxc6 Ne8 17. a3 e6 18. Nf3 Rca8 19. e4 R8a5 20. e5 Rb5 21.
Bc1 Rb3 22. Rc2 Rxd3 23. h3 Rd1+ 24. Kh2 Bh6 25. Bb2 Rxa1 26. Bxa1 Rxa3 27. Bc3
Ra4 28. Bd2 Bxd2 29. Rxd2 Kf8 30. Rc2 Ke7 31. Kg3 h6 32. h4 Kd7 33. Kg4 c5 34.
Rd2 c4 35. h5 b5 36. Rb2 b4 37. hxg6 fxg6 38. Ne1 b3 39. Kf3 Ra3 40. Ke2 c3 41.
Rb1 c2 0-1

[Event "Karpos Open 2013"]
[Site "Skopje MKD"]
[Date "2013.03.10"]
[Round "2.2"]
[White "Berkes, Ferenc"]
[Black "Battaglini, Gabriel"]
[Result "1-0"]
[WhiteTitle "GM"]
[BlackTitle "IM"]
[WhiteElo "2702"]
[BlackElo "2436"]
[WhiteFideId "718572"]
[BlackFideId "621650"]
[EventDate "2013.03.09"]

1. d4 Nf6 2. c4 e6 3. Nf3 c5 4. e3 g6 5. Nc3 Bg7 6. Be2 O-O 7. O-O d6 8. e4 Nc6
9. Be3 Ng4 10. Bg5 f6 11. Bc1 e5 12. d5 Ne7 13. Rb1 h5 14. b4 b6 15. a4 Nh6 16.
a5 Nf7 17. Qb3 f5 18. Ra1 Bd7 19. Ng5 f4 20. Nxf7 Rxf7 21. Nb5 Rf6 22. axb6 axb6
23. Bb2 Rb8 24. Qa3 Nc8 25. Bc3 Kh7 26. Rfb1 g5 27. bxc5 bxc5 28. Ba5 Qe7 29.
Bc7 f3 30. Bxb8 fxe2 31. Qe3 g4 32. Qxe2 h4 33. Ra3 Qf8 34. Nc7 h3 35. Ne6 Rxe6
36. dxe6 Bxe6 37. gxh3 Qd8 38. hxg4 Nb6 39. g5 Kg6 40. h4 Nxc4 41. h5+ Kh7 42.
Rg3 Bf8 43. g6+ Kh6 44. Rb7 Bg7 45. Qd1 Qh4 46. Bxd6 Nxd6 47. Qxd6 Qxe4 48. Rxg7
Qe1+ 49. Kg2 Qe4+ 50. Kh2 Qh4+ 51. Kg1 1-0

[Event "Karpos Open 2013"]
[Site "Skopje MKD"]
[Date "2013.03.10"]
[Round "2.4"]
[White "Georgiev, Kiril"]
[Black "Jacimovic, Dragoljub"]
[Result "1/2-1/2"]
[WhiteTitle "GM"]
[BlackTitle "GM"]
[WhiteElo "2657"]
[BlackElo "2433"]
[WhiteFideId "2900017"]
[BlackFideId "15000214"]
[EventDate "2013.03.09"]

1. d4 Nf6 2. Nf3 g6 3. Bf4 Bg7 4. e3 O-O 5. h3 c5 6. c3 d6 7. Be2 Qb6 8. Qb3 Be6
9. Qa3 cxd4 10. exd4 Nc6 11. O-O Rac8 12. Nbd2 Qa5 13. Qxa5 Nxa5 14. Rfe1 Nd5
15. Bg3 Nb6 16. Ng5 Bd5 17. Bf3 h6 18. Bxd5 Nxd5 19. Ngf3 Rfe8 20. Re2 Kf8 21.
a4 Red8 22. Ne1 h5 23. Nd3 Bh6 24. Nf1 Nb3 25. Ra3 Na5 26. Bh4 Rd7 27. g4 hxg4
28. hxg4 Nf4 29. Nxf4 Bxf4 30. Bg3 Bxg3 31. Nxg3 d5 32. Nf1 Rc6 33. Ne3 Nc4 34.
Nxc4 Rxc4 35. a5 a6 36. Kg2 g5 37. Kg3 Rc6 38. Ra1 f6 39. Rh1 Kg7 40. f4 gxf4+
41. Kxf4 Rc8 42. Kf5 Rg8 43. Reh2 Rd6 44. Rh7+ Kf8 45. Re1 Rd7 46. Re6 Ke8 47.
Rb6 Kd8 48. Re6 Rg5+ 49. Kf4 Rg8 50. Rh5 Kc7 51. Kf5 Kd8 52. Rb6 Kc8 53. Rh4 Kc7
54. Ke6 Kd8 55. Kf7 Rg5 56. Ke6 Rg8 57. Rh5 Rxg4 58. Rh8+ Kc7 59. Rxb7+ Kxb7 60.
Kxd7 e5 61. dxe5 fxe5 62. Kd6 d4 63. Rh7+ Kb8 64. Kxe5 dxc3 65. bxc3 Rc4 66. Rh3
Kc7 67. Kd5 Ra4 68. Rh7+ Kb8 69. c4 Rxa5+ 70. c5 Ra1 71. Kc6 a5 72. Rb7+ Kc8 73.
Re7 Kb8 74. Re8+ Ka7 75. Kc7 Rh1 76. c6 a4 77. Re7 a3 78. Kd6+ Ka6 79. Re3 Rh6+
80. Kc5 Rh5+ 1/2-1/2

[Event "Karpos Open 2013"]
[Site "Skopje MKD"]
[Date "2013.03.10"]
[Round "2.6"]
[White "Ivanisevic, Ivan"]
[Black "Firat, Burak"]
[Result "1-0"]
[WhiteTitle "GM"]
[BlackTitle "IM"]
[WhiteElo "2644"]
[BlackElo "2428"]
[WhiteFideId "912417"]
[BlackFideId "6305881"]
[EventDate "2013.03.09"]

1. d4 Nf6 2. c4 g6 3. Nc3 d5 4. Nf3 Bg7 5. Qb3 dxc4 6. Qxc4 O-O 7. e4 a6 8. e5
b5 9. Qb3 Nfd7 10. e6 fxe6 11. Be3 Nb6 12. Rd1 Nc6 13. h4 Nd5 14. h5 Nxe3 15.
fxe3 Qd6 16. hxg6 Qg3+ 17. Kd2 Qf2+ 18. Be2 Na5 19. gxh7+ Kh8 20. Qc2 Nc4+ 21.
Kc1 e5 22. Bxc4 Qxc2+ 23. Kxc2 bxc4 24. Nxe5 Bxe5 25. dxe5 Bf5+ 26. e4 Bxh7 27.
Rd7 Rf2+ 28. Kc1 Kg8 29. Rxe7 Bg6 30. Nd5 Rf7 31. Rh6 1-0

[Event "Karpos Open 2013"]
[Site "Skopje MKD"]
[Date "2013.03.10"]
[Round "2.7"]
[White "Tosic, Miroslav"]
[Black "Safarli, Eltaj"]
[Result "0-1"]
[WhiteTitle "GM"]
[BlackTitle "GM"]
[WhiteElo "2408"]
[BlackElo "2638"]
[WhiteFideId "900460"]
[BlackFideId "13402129"]
[EventDate "2013.03.09"]

1. d4 Nf6 2. c4 g6 3. Nc3 d5 4. Bg5 Ne4 5. Bh4 Nxc3 6. bxc3 dxc4 7. e3 Be6 8.
Nf3 Bg7 9. Be2 O-O 10. O-O c5 11. Ng5 Bd5 12. e4 h6 13. exd5 hxg5 14. Bxg5 cxd4
15. Bxc4 dxc3 16. Re1 Bf6 17. Bxf6 exf6 18. Rc1 Qd6 19. Rxc3 Nd7 20. Qb1 Rfc8
21. Re6 Qf4 22. Re4 Qd6 23. Re6 Qf8 24. Ree3 Ne5 25. Bb3 Qd6 26. h3 Rxc3 27.
Rxc3 Re8 28. Qc1 Kg7 29. Re3 Re7 30. Rc3 b5 31. Qf4 a5 32. g3 a4 33. Rc6 g5 34.
Rxd6 gxf4 35. Bc2 Nf3+ 36. Kf1 Re1+ 37. Kg2 Nd4 38. Bd3 f3+ 39. Kh2 Rd1 40. Be4
f5 0-1

[Event "Karpos Open 2013"]
[Site "Skopje MKD"]
[Date "2013.03.10"]
[Round "2.8"]
[White "Stevic, Hrvoje"]
[Black "Zlatanovic, Boroljub"]
[Result "1/2-1/2"]
[WhiteTitle "GM"]
[BlackTitle "FM"]
[WhiteElo "2620"]
[BlackElo "2412"]
[WhiteFideId "14502569"]
[BlackFideId "916390"]
[EventDate "2013.03.09"]

1. e4 e6 2. d4 d5 3. Nc3 Bb4 4. exd5 exd5 5. Bd3 Ne7 6. Qh5 Be6 7. a3 Bd6 8. Nb5
Nbc6 9. Nf3 a6 10. Ng5 g6 11. Nxe6 fxe6 12. Nxd6+ Qxd6 13. Qh6 Nf5 14. Bxf5 exf5
15. Bg5 Qe6+ 16. Kd2 Qf7 17. Rae1+ Kd7 18. Re3 Rae8 19. Rhe1 Re4 20. f3 Rxe3 21.
Rxe3 Re8 22. Rxe8 Kxe8 23. Kd3 b5 24. b3 a5 25. a4 bxa4 26. bxa4 Qd7 27. c3 Na7
28. h4 Nc8 29. h5 Qf7 30. hxg6 Qxg6 31. Qxg6+ hxg6 32. c4 Nb6 33. c5 Nc4 34. Bf4
c6 35. Bg5 Kf7 36. Bh4 Ke6 37. g4 Kd7 38. gxf5 gxf5 39. Bg5 Ke6 40. Bc1 Kf6 41.
Ke2 Kg6 42. Kf2 Kf6 43. Kg2 Kg6 44. Kf2 Kf6 45. Kg3 Kf7 46. Kh3 Kf6 47. Kh4 Kg6
48. Kg3 1/2-1/2

[Event "Karpos Open 2013"]
[Site "Skopje MKD"]
[Date "2013.03.10"]
[Round "2.9"]
[White "Codenotti, Marco"]
[Black "Sumets, Andrey"]
[Result "0-1"]
[WhiteTitle "FM"]
[BlackTitle "GM"]
[WhiteElo "2402"]
[BlackElo "2620"]
[WhiteFideId "800015"]
[BlackFideId "14105500"]
[EventDate "2013.03.09"]

1. e4 c6 2. d4 d5 3. Nd2 dxe4 4. Nxe4 Bf5 5. Ng3 Bg6 6. h4 h6 7. Nf3 Nf6 8. Ne5
Bh7 9. Bc4 e6 10. Nh5 Nbd7 11. Nxd7 Kxd7 12. Nxf6+ Qxf6 13. Bd3 Qxd4 14. Be3
Bb4+ 15. c3 Qxd3 16. Qb3 Bxc3+ 17. bxc3 Qb5 18. Rd1+ Ke8 19. Qa3 Rd8 20. Qxa7
Rxd1+ 21. Kxd1 Kd7 22. c4 Qb2 23. Qd4+ Qxd4+ 24. Bxd4 f6 25. Kc1 Ra8 26. Kb2 Kc7
27. Rh3 e5 28. Rg3 Rg8 29. Be3 h5 30. f4 e4 31. Bd4 Kd6 32. Rb3 Rb8 33. Kc1 Bg8
34. Rg3 c5 35. Bc3 Bxc4 36. Rxg7 Ke6 37. Rc7 Kd6 38. Rg7 e3 39. Bxf6 e2 40. Kd2
Ke6 41. Bc3 Rd8+ 42. Kc2 Rd1 43. Rg6+ Kf7 44. Rg5 Bd3+ 45. Kb2 Rb1+ 46. Ka3 b5 0-1

[Event "Karpos Open 2013"]
[Site "Skopje MKD"]
[Date "2013.03.10"]
[Round "2.10"]
[White "Dancevski, Orce"]
[Black "Perunovic, Milos"]
[Result "1/2-1/2"]
[WhiteTitle "IM"]
[BlackTitle "GM"]
[WhiteElo "2395"]
[BlackElo "2618"]
[WhiteFideId "15000311"]
[BlackFideId "921629"]
[EventDate "2013.03.09"]

1. c4 Nf6 2. Nc3 c5 3. Nf3 Nc6 4. d4 cxd4 5. Nxd4 e6 6. g3 Bc5 7. Nb3 Be7 8. Bg2
b6 9. O-O Ba6 10. Nd4 Nxd4 11. Qxd4 Rc8 12. b3 Bc5 13. Qf4 O-O 14. Bb2 Nh5 15.
Qf3 Nf6 16. Qf4 Nh5 17. Qf3 Nf6 1/2-1/2

[Event "Karpos Open 2013"]
[Site "Skopje MKD"]
[Date "2013.03.10"]
[Round "2.11"]
[White "Parligras, Mircea-Emilian"]
[Black "Sanal, Vahap"]
[Result "1-0"]
[WhiteTitle "GM"]
[BlackTitle "IM"]
[WhiteElo "2616"]
[BlackElo "2404"]
[WhiteFideId "1204297"]
[BlackFideId "6300545"]
[EventDate "2013.03.09"]

1. d4 Nf6 2. c4 e6 3. Nf3 b6 4. g3 Ba6 5. Qc2 Bb7 6. Bg2 c5 7. d5 exd5 8. cxd5
Nxd5 9. O-O Be7 10. Rd1 Qc8 11. a3 Nc7 12. Nc3 O-O 13. Bg5 f6 14. Bf4 Ne6 15.
Nd5 Nc6 16. Rd2 Rf7 17. Rad1 Bf8 18. Qc4 Na5 19. Qc3 Bc6 20. b3 Qa6 21. e4 Re8
22. e5 c4 23. b4 Nb3 24. Ra2 b5 25. Be3 Qb7 26. Ne1 fxe5 27. Qxe5 Qa8 28. Qh5 g6
29. Qh4 Bg7 30. Kf1 c3 31. Rc2 Qb8 32. Rd3 Nd2+ 33. Bxd2 cxd2 34. Rcxd2 Qe5 35.
Nc2 g5 36. Qg4 Ref8 37. Nce3 Qa1+ 38. Qd1 Qe5 39. Ng4 Qb8 40. Rf3 Qa8 41. Rxf7
Rxf7 42. Nge3 Qf8 43. Kg1 Kh8 44. Qg4 Be5 45. h4 gxh4 46. Qxh4 Qg7 47. Qh5 Rf8
48. Kh2 Bd4 49. f4 Bxd5 50. Nxd5 Rg8 51. Rd3 Bf2 52. Qh4 Rf8 53. Be4 Rf7 54. f5
Ng5 55. f6 Bxg3+ 56. Rxg3 1-0

[Event "Karpos Open 2013"]
[Site "Skopje MKD"]
[Date "2013.03.10"]
[Round "2.13"]
[White "Lupulescu, Constantin"]
[Black "Sandalakis, Angelos"]
[Result "1-0"]
[WhiteTitle "GM"]
[WhiteElo "2614"]
[BlackElo "2401"]
[WhiteFideId "1207822"]
[BlackFideId "4207645"]
[EventDate "2013.03.09"]

1. c4 e6 2. Nc3 Nf6 3. e4 e5 4. Nf3 Nc6 5. a3 a5 6. h3 Be7 7. d4 exd4 8. Nxd4
O-O 9. Be3 Re8 10. Qc2 Nxd4 11. Bxd4 d6 12. O-O-O c6 13. g4 Qc7 14. f4 Nd7 15.
Kb1 Nc5 16. f5 Rb8 17. h4 Bf8 18. g5 Bd7 19. h5 Qc8 20. f6 Bg4 21. Re1 Nd7 22.
Be2 Ne5 23. Ref1 Bxe2 24. Qxe2 Qg4 25. Qf2 Qe6 26. g6 gxf6 27. gxh7+ Kxh7 28. h6
Be7 29. Bxe5 Qxe5 30. Rfg1 Rg8 31. Rg7+ Kh8 32. Rhg1 f5 33. Qg2 1-0

[Event "Karpos Open 2013"]
[Site "Skopje MKD"]
[Date "2013.03.10"]
[Round "2.14"]
[White "Erturan, Yakup"]
[Black "Mastrovasilis, Dimitrios"]
[Result "1/2-1/2"]
[WhiteTitle "IM"]
[BlackTitle "GM"]
[WhiteElo "2373"]
[BlackElo "2614"]
[WhiteFideId "6301410"]
[BlackFideId "4202694"]
[EventDate "2013.03.09"]

1. d4 d5 2. c4 c6 3. cxd5 cxd5 4. Nc3 Nf6 5. Nf3 Nc6 6. Bf4 a6 7. e3 Bg4 8. Be2
e6 9. O-O Bd6 10. Bxd6 Qxd6 11. Nd2 Bxe2 12. Qxe2 O-O 13. a3 Rfc8 14. Rfc1 Na5
15. Na4 Nd7 16. b4 Nc4 17. Nc5 b5 18. Ndb3 1/2-1/2

[Event "Karpos Open 2013"]
[Site "Skopje MKD"]
[Date "2013.03.10"]
[Round "2.15"]
[White "Markus, Robert"]
[Black "Nenezic, Marko"]
[Result "1-0"]
[WhiteTitle "GM"]
[BlackTitle "IM"]
[WhiteElo "2605"]
[BlackElo "2394"]
[WhiteFideId "921637"]
[BlackFideId "912123"]
[EventDate "2013.03.09"]

1. d4 Nf6 2. c4 g6 3. g3 Bg7 4. Bg2 O-O 5. Nc3 d6 6. Nf3 Nbd7 7. O-O e5 8. e4 a6
9. h3 b5 10. dxe5 dxe5 11. Qc2 c6 12. Be3 Qe7 13. a3 Ne8 14. cxb5 axb5 15. a4 b4
16. Nb1 Bb7 17. Nbd2 Nc7 18. h4 Ne6 19. Bh3 Rfd8 20. Bg5 Nxg5 21. hxg5 Nc5 22.
Rfd1 Ba6 23. Bf1 Bd3 24. Bxd3 Rxd3 25. a5 b3 26. Qc4 Ra6 27. Rdc1 Bf8 28. Rc3
Rxc3 29. Qxc3 Qc7 30. Qxe5 Qxe5 31. Nxe5 Bg7 32. Nec4 Nd3 33. Ra3 Nxb2 34. Rxb3
Nxc4 35. Nxc4 Bd4 36. Kg2 Kg7 37. Rb7 Kf8 38. f4 1-0

[Event "Karpos Open 2013"]
[Site "Skopje MKD"]
[Date "2013.03.10"]
[Round "2.17"]
[White "Romanov, Evgeny"]
[Black "Zawadzka, Jolanta"]
[Result "1-0"]
[WhiteTitle "GM"]
[BlackTitle "WGM"]
[WhiteElo "2603"]
[BlackElo "2374"]
[WhiteFideId "4148843"]
[BlackFideId "1122320"]
[EventDate "2013.03.09"]

1. c4 e6 2. g3 d5 3. Bg2 dxc4 4. Qa4+ Nd7 5. Qxc4 a6 6. Qb3 c5 7. a4 Ngf6 8. a5
Bd6 9. d3 O-O 10. Nf3 Rb8 11. O-O Ne5 12. Nxe5 Bxe5 13. Nd2 Bc7 14. Qa3 Qe7 15.
Nc4 Nd5 16. Be3 Nxe3 17. Nxe3 f5 18. d4 b6 19. axb6 Rxb6 20. dxc5 Rb5 21. Rac1
f4 22. Nd1 fxg3 23. hxg3 Rf5 24. Nc3 Ra5 25. Qb4 Qxc5 26. Qxc5 Raxc5 27. Nd5 Bd6
28. Nb6 Rf8 29. b4 Rc7 30. Rxc7 Bxc7 31. Nxc8 Rxc8 32. Rc1 1-0